Catálogo público

Conejos / A. Fernán Castellanos Echeverría; colaborador F. R. Kirchner Salinas; revisión Johan D. Berlijn. (Record no. 217000)

MARC details
000 -CABECERA
campo de control de longitud fija 01327nam a2200313Ia 4500
001 - NÚMERO DE CONTROL
campo de control Z_6126
008 - DATOS DE LONGITUD FIJA--INFORMACIÓN GENERAL
campo de control de longitud fija 220601s9999 xx 000 0 und d
020 ## - NÚMERO INTERNACIONAL ESTÁNDAR DEL LIBRO
Número Internacional Estándar del Libro 968-24-3634-6
082 ## - NÚMERO DE LA CLASIFICACIÓN DECIMAL DEWEY
Número de clasificación 636.9 C66 1990
245 ## - MENCIÓN DE TÍTULO
Título Conejos / A. Fernán Castellanos Echeverría; colaborador F. R. Kirchner Salinas; revisión Johan D. Berlijn.
250 ## - MENCIÓN DE EDICIÓN
Mención de edición 2a ed.
260 ## - PUBLICACIÓN, DISTRIBUCIÓN, ETC.
Lugar de publicación, distribución, etc. México : Trillas
300 ## - DESCRIPCIÓN FÍSICA
Extensión 112 p.
440 ## - MENCIÓN DE SERIE/PUNTO DE ACCESO ADICIONAL--TÍTULO
Título Manuales para educación agropecuaria : área producción animal ; 2
9 (RLIN) 141575
500 ## - NOTA GENERAL
Nota general Basado en el trabajo de A. Fernán Castellanos Echeverría. La biblioteca cuenta con las reimpresiones: 2a reimpresión de 1994 y 9a reimpresión de 2003. Este manaual ha sido elaborado dentro de un proyecto de cooperación técnica internacional de la DGETA, SEP, FAO Y PNUD
503 ## - NOTA DE HISTORIA BIBLIOGRÁFICA (BK CF MU) [OBSOLETO]
Nota de historia bibliográfica ej.1: - ej.2: ?
504 ## - NOTA DE BIBLIOGRAFÍA, ETC.
Nota de bibliografía, etc. Incluye índice.
650 ## - PUNTO DE ACCESO ADICIONAL DE MATERIA--TÉRMINO DE MATERIA
Término de materia o nombre geográfico como elemento de entrada 1. Cunicultura
9 (RLIN) 154716
650 ## - PUNTO DE ACCESO ADICIONAL DE MATERIA--TÉRMINO DE MATERIA
Término de materia o nombre geográfico como elemento de entrada Conejos - Alimentación
650 ## - PUNTO DE ACCESO ADICIONAL DE MATERIA--TÉRMINO DE MATERIA
Término de materia o nombre geográfico como elemento de entrada Conejos - Mejoramiento
650 ## - PUNTO DE ACCESO ADICIONAL DE MATERIA--TÉRMINO DE MATERIA
Término de materia o nombre geográfico como elemento de entrada Conejos - Razas
650 ## - PUNTO DE ACCESO ADICIONAL DE MATERIA--TÉRMINO DE MATERIA
Término de materia o nombre geográfico como elemento de entrada Conejos - Alojamiento
700 ## - PUNTO DE ACCESO ADICIONAL--NOMBRE DE PERSONA
Nombre de persona I.Castellanos Echeverría, A. Fernán \ II.Kirchner Salinas F. R., colab. \ III.Berlijn, Johan D., rev.Ì
9 (RLIN) 179990
901 ## - ELEMENTOS DE DATOS A LOCAL LDA (RLIN)
a 636.9 C66 1990
902 ## - ELEMENTOS DE DATOS B LOCAL, LDB (RLIN)
a A
905 ## - ELEMENTOS DE DATOS E LOCAL, LDE (RLIN)
a 0000001990 mx an 0000000000spa00
942 ## - ELEMENTOS DE PUNTO DE ACCESO ADICIONAL (KOHA)
Tipo de ítem Koha Libro_
Holdings
Estado de retiro Estado de pérdida Fuente del sistema de clasificación o colocación Estado dañado No para préstamo Código de colección Localización permanente Ubicación/localización actual Ubicación en estantería Fecha de adquisición Total de préstamos Código de barras Fecha visto por última vez Fecha del último préstamo Número de copia Precio válido a partir de Tipo de ítem Koha
    Dewey Decimal Classification     General Zootecnia Zootecnia   02/03/2012 2 z_2729 24/06/2025 24/06/2025 2 02/06/2022 Libro
    Dewey Decimal Classification     General Zootecnia Zootecnia   02/03/2012 4 z_2728 29/11/2023 29/11/2023 1 02/06/2022 Libro